banner-ar

الصحافة الاستقصائية : (Record no. 62545)

MARC details
000 -الفاتح
حقل البيانات ثابتة الطول 00894nam a22002297a 4500
005 - وقت وتاريخ اخر تعامل مع التسجيلة
رقم الضبط 20240530110555.0
008 - عناصر البيانات ثابتة الطول - معلومات عامة
حقل البيانات ثابتة الطول 160809s2014 ua a g 000 0dara d
017 ## - رقم الايداع القانونى
رقم الايداع القانونى 2013/23170
المصدر ( الهيئة المختصة) القاهره . دارالكتب المصريه
020 ## - الرقم الدولى المعيارى للكتب
الرقم الدولى المعيارى للكتاب 9789774951558
040 ## - مصدر الفهرسة
وكالة الفهرسة الأصلية EG-CaGPL
082 04 - رقم تصنيف ديوى العشرى
رقم الطبعة 21
رقم التصنيف 070.4\
رقم المادة ح ص
100 0# - المدخل الرئيسى - إسم شخصى
الإسم الشخصى حسين محمد ربيع .
245 12 - بيان العنوان
العنوان الصحافة الاستقصائية :
بقية العنوان الواقع و الاشكاليات /
بيان المسئوليه,etc تاليف حسين محمد ريبع .
250 ## - بيان الطبعة
بيان الطبعة ط1 .
260 ## - PUBLICATION, DISTRIBUTION, ETC. (IMPRINT)
تاريخ النشر أو التوزيع 2014 .
300 ## - الوصف المادى
التعداد 287 ص :
تفاصيل ماديه اخرى للوعاء ايض ؛
أبعاد الوعاء 24 سم .
490 0# - بيان السلسلة
عنوان السلسلة اتجاهات حديثه فى الاعلام .
504 ## - تبصرة ببليوجرافية
تبصرة ببليوجرافية,الخ ببليوجرافيه : ص 286 - 287
650 04 - المدخل الاضافى بالموضوع-مصطلح موضوعى
مصطلح موضوعي الصحافة الاستقصائية .
942 ## - عناصر المدخل الإضافي( كوها)
مصدر التصنيف او مخطط الترفيف Dewey Decimal Classification
Koha [default] item type كتاب
260 ## - PUBLICATION, DISTRIBUTION, ETC. (IMPRINT)
-- القاهره :
-- دار العالم العربي ،
Holdings
حالة التراجع حالة الفقد حالة تلف ليس للاعارة المكان المؤقت الموقع الحالى تاريخ الاكتساب اجمالي اﻻعارات رقم الطلب الباركود تاريخ اخر مشاهدة تاريخ تفعيل السعر نوع وعاء كوها
        مكتبة القاهرة الكبرى مكتبة القاهرة الكبرى 08/09/2016   070.4\ ح ص 162310 08/09/2016 08/09/2016 كتاب

Powered By

EGPV